مصطلحات القانون المدني التي أقرها المجمع
محفوظ في:
مؤلف مشترك:
التنسيق: كتاب
اللغة: Undetermined
منشور في:
Al-Qāhirah
matbaeat aleamira
1951
الوسوم: إضافة وسم
لا توجد وسوم, كن أول من يضع وسما على هذه التسجيلة!
رقم الطلب: A DICT ARAB MAJM
| LEADER | 00408nam a2200121Ia 4500 | ||
|---|---|---|---|
| 008 | 240404s9999||||xx |||||||||||||| ||und|| | ||
| 050 | 4 | |a A DICT ARAB MAJM | |
| 110 | 0 | |a مجمع فؤاد الأول للغة العربية. | |
| 245 | 1 | 0 | |a مصطلحات القانون المدني التي أقرها المجمع |
| 264 | 1 | |a Al-Qāhirah |b matbaeat aleamira |c 1951 | |
| 300 | |a Volumes |c 27 | ||
| 942 | |2 lcc |c BK | ||
| 999 | |c 58184 |d 58184 | ||
